Better living : (Record no. 33534)

MARC details
000 -LEADER
fixed length control field 00884nam a22002657a 4500
005 - DATE AND TIME OF LATEST TRANSACTION
control field 19970904051429.3
008 - FIXED-LENGTH DATA ELEMENTS--GENERAL INFORMATION
fixed length control field 970904m19271929ii a 001 0aeng
010 ## - LCCN (DPL NO)
LC control number ENG-95785
020 ## - INTERNATIONAL STANDARD BOOK NUMBER
International Standard Book Number 8189289152
Terms of availability 350.00
035 ## - SYSTEM CONTROL NUMBER
System control number EN-79318
037 ## - SOURCE OF ACQUISITION
Source of stock number/acquisition DBAD/PUB
040 ## - CATALOGING SOURCE
Original cataloging agency DPL
082 ## - DEWEY DECIMAL CLASSIFICATION NUMBER
Classification number 613
100 ## - MAIN ENTRY--PERSONAL NAME
Personal name Iino, A.
240 ## - UNIFORM TITLE
Uniform title <a href="Satyanā prayogo athavā ātmakathā.">Satyanā prayogo athavā ātmakathā.</a>
Language of a work English
245 ## - TITLE STATEMENT
Title Better living :
Statement of responsibility, etc by A. Iino, [and] P.D. Gupta
Remainder of title an illustrative guide /
260 ## - PUBLICATION, DISTRIBUTION, ETC. (IMPRINT)
Place of publication, distribution, etc Jaipur
Name of publisher, distributor, etc Capricorn Publishing House
Date of publication, distribution, etc 2008
270 ## - ADDRESS
City Jaipur
Postal code 302017
Address 4/363, Malviya Nagar
300 ## - PHYSICAL DESCRIPTION
Extent 191p.
Dimensions 22 cm.(Hb)
650 ## - SUBJECT ADDED ENTRY--TOPICAL TERM
Topical term or geographic name as entry element Health
700 ## - ADDED ENTRY--PERSONAL NAME
Personal name Gupta, P.D.
942 ## - ADDED ENTRY ELEMENTS (KOHA)
Source of classification or shelving scheme Dewey Decimal Classification
Item type English Books
Call number suffix IIN
Classification part 613
Holdings
Withdrawn status Lost status Source of classification or shelving scheme Damaged status Not for loan Collection code Home library Current library Date acquired Source of acquisition Cost, normal purchase price Total Checkouts Full call number Barcode Date last seen Copy number Cost, replacement price Koha item type
    Dewey Decimal Classification   Not For Loan Non-fiction D.B.Act.Division D.B.Act.Division 31/12/2009 DBAD/PUB 350.00   613 IIN EN-79318 07/01/2010 1 350.00 English Books

© Delhi Public Library
Hit Counter
free hit counter